| 000 | 00366nam a22001217a 4500 | ||
|---|---|---|---|
| 008 | 140908b xxu||||| |||| 00| 0 eng d | ||
| 022 | _a00245488 | ||
| 050 | _aKD1815.A2.L57(1994 Vol. 2) | ||
| 245 |
_aLloyd's Law Reports (1994 Vol. 2). / _cedited by M.M.D'Souza |
||
| 260 |
_aLondon: _bLloyd's of London Press, _c1994. |
||
| 300 |
_avii,719p.: _c24cm. |
||
| 942 |
_2lcc _cBK |
||
| 999 |
_c4433 _d11933 |
||